[Event "53rd World U20 ch"]
[Site "Pune IND"]
[Date "2014.10.19"]
[Round "13.28"]
[White "Sai Vishwesh, Chandrakaladaran"]
[Black "Gahwiler, Gabriel"]
[Result "1-0"]
[WhiteElo "2151"]
[BlackElo "2360"]
[EventDate "2014.10.06"]
[PlyCount "107"]

1.e4 e5 2.Nf3 Nc6 3.Bb5 f5 4.exf5 e4 5.Ng1 Qg5 6.g4 h5 7.d3 Qe7 8.Be3 hxg4
9.Nc3 Nf6 10.dxe4 Nxe4 11.Qxg4 Nxc3 12.Qg6+ Qf7 13.bxc3 d6 14.Rb1 Qxg6 15.
fxg6 Bf5 16.Bd3 Bxd3 17.cxd3 O-O-O 18.Ne2 Ne5 19.Nf4 Re8 20.Ke2 Be7 21.
Rbg1 Rh4 22.d4 Nc4 23.Kd3 Nb2+ 24.Kc2 Nc4 25.Nd5 Bd8 26.Bc1 c6 27.Ne3 d5 
28.Nf5 Rh3 29.Rg3 Re2+ 30.Kd1 Rxg3 31.fxg3 Rxa2 32.Nxg7 Nd6 33.Ne6 Bf6 34.
Rf1 Ne4 35.Rf3 Rxh2 36.g7 Bxg7 37.Nxg7 a5 38.Ne6 a4 39.Nc5 Rh1+ 40.Kc2 
Rh2+ 41.Kb1 a3 42.Nxe4 a2+ 43.Ka1 dxe4 44.Rf1 Rg2 45.Bb2 Rxg3 46.Kxa2 e3 
47.Re1 Kd7 48.Kb3 c5 49.Bc1 e2 50.dxc5 Rg2 51.Kc4 Kc6 52.Be3 Rg4+ 53.Kd3 
Kd5 54.Rxe2 1-0

[Event "53rd World U20 ch"]
[Site "Pune IND"]
[Date "2014.10.19"]
[Round "13.29"]
[White "Shailesh, Dravid"]
[Black "Von Meijenfeldt, Bart"]
[Result "1/2-1/2"]
[WhiteElo "2074"]
[BlackElo "2354"]
[EventDate "2014.10.06"]
[PlyCount "84"]

1.d4 Nf6 2.c4 g6 3.Nc3 Bg7 4.e4 d6 5.Nf3 O-O 6.Be2 e5 7.dxe5 dxe5 8.Qxd8 
Rxd8 9.Bg5 Re8 10.Nd5 Nxd5 11.cxd5 c6 12.Bc4 Nd7 13.dxc6 bxc6 14.Rc1 Nf8 
15.O-O Ne6 16.Be3 Nd4 17.Bxd4 exd4 18.Bd3 Be6 19.b3 a5 20.Rxc6 a4 21.Rb1 
axb3 22.axb3 Reb8 23.Nd2 Ra3 24.f4 Bf8 25.Ra6 Rxa6 26.Bxa6 Bb4 27.Nf3 Bc3 
28.Kf2 Rb6 29.Bd3 Rxb3 30.Rxb3 Bxb3 31.Ke2 Kf8 32.Bb5 Ba2 33.Ne5 f6 34.Nd3
Bb1 35.e5 Ke7 36.exf6+ Kxf6 37.Nc5 Bb4 38.Nb3 Be4 39.g3 Bc3 40.Nc5 Bd5 41.
Kd3 Bg2 42.Ne4+ Bxe4+ 1/2-1/2

[Event "53rd World U20 ch"]
[Site "Pune IND"]
[Date "2014.10.19"]
[Round "13.30"]
[White "Rajdeep, Sarkar"]
[Black "Kantans, Toms"]
[Result "1/2-1/2"]
[WhiteElo "2145"]
[BlackElo "2485"]
[EventDate "2014.10.06"]
[PlyCount "137"]

1.d4 Nf6 2.Nf3 g6 3.Nbd2 d5 4.b4 Bg7 5.e3 O-O 6.c4 c6 7.Bb2 Bg4 8.Be2 dxc4
9.Nxc4 Nd5 10.a3 Nd7 11.O-O h6 12.h3 Be6 13.Na5 Qc7 14.Rc1 Rad8 15.Qc2 f5 
16.Rfd1 Bf7 17.Nc4 a6 18.Nce5 Nxe5 19.Nxe5 Kh7 20.Nxf7 Rxf7 21.Bf3 e6 22.
Qc4 Qe7 23.Re1 h5 24.Qc2 Qg5 25.Re2 Bf8 26.Rce1 Bd6 27.Bc1 Bb8 28.Bxd5 
cxd5 29.e4 Qh4 30.exd5 exd5 31.Qd3 Ba7 32.Bb2 Rc8 33.Re8 Rxe8 34.Rxe8 Re7 
35.Rxe7+ Qxe7 36.Kf1 Kg7 37.Qe2 Qe4 38.Qxe4 dxe4 39.Ke2 Kf7 40.d5 Bb8 41.
Bd4 b5 42.Ke3 g5 43.g3 h4 44.gxh4 Bf4+ 45.Ke2 gxh4 46.f3 Bc1 47.fxe4 fxe4 
48.Bf2 Kf6 49.Bxh4+ Ke5 50.Be1 Kxd5 51.h4 Ke5 52.h5 Kf5 53.Bc3 Bxa3 54.h6 
Kg6 55.Ke3 Kxh6 56.Kxe4 Kg6 57.Kd5 Kf5 58.Kc6 Ke4 59.Kb6 Kd3 60.Kxa6 Kc4 
61.Ka5 Bc1 62.Be1 Bg5 63.Ka6 Bd8 64.Bd2 Be7 65.Ka5 Bh4 66.Ka6 Be7 67.Ka5 
Bxb4+ 68.Bxb4 Kd5 69.Kxb5 1/2-1/2

[Event "53rd World U20 ch"]
[Site "Pune IND"]
[Date "2014.10.19"]
[Round "13.31"]
[White "Yogesh, Gautam"]
[Black "Ben Artzi, Ido"]
[Result "1/2-1/2"]
[WhiteElo "2144"]
[BlackElo "2423"]
[EventDate "2014.10.06"]
[PlyCount "82"]

1.e4 e5 2.Nf3 Nc6 3.d4 exd4 4.Nxd4 Nf6 5.Nxc6 bxc6 6.Bd3 d5 7.e5 Ng4 8.O-O
Bc5 9.Qe2 Qe7 10.Bf4 g5 11.Bd2 Nxe5 12.Re1 Nxd3 13.Qxd3 Be6 14.Qc3 Kd7 15.
Bxg5 Qxg5 16.Qxc5 Bh3 17.g3 Rhe8 18.Nc3 Rxe1+ 19.Rxe1 Re8 20.Re3 Rxe3 21.
Qxe3 Qxe3 22.fxe3 Bf5 23.Na4 Bxc2 24.Nc5+ Kd6 25.b4 d4 26.Kf2 Kd5 27.exd4 
Kxd4 28.Ke2 a5 29.a3 axb4 30.axb4 Be4 31.Kd2 Bf5 32.Ke2 Bg4+ 33.Kd2 Be6 
34.Ke2 Bd5 35.Kd2 Bc4 36.Nd7 h6 37.Nf6 Be6 38.Ng8 Ke4 39.Nxh6 f5 40.Ke2 
Kd4 41.Kd2 Ke5 1/2-1/2

[Event "53rd World U20 ch"]
[Site "Pune IND"]
[Date "2014.10.19"]
[Round "13.32"]
[White "Vokhidov, Shamsiddin"]
[Black "Westerberg, Jonathan"]
[Result "1/2-1/2"]
[WhiteElo "2119"]
[BlackElo "2420"]
[EventDate "2014.10.06"]
[PlyCount "143"]

1.e4 c5 2.Nf3 Nc6 3.Bb5 g5 4.Nxg5 Nf6 5.d3 Nd4 6.a4 h6 7.Nf3 Nxb5 8.axb5 
Rg8 9.Bf4 d5 10.e5 Nh5 11.Bg3 Qb6 12.c4 dxc4 13.dxc4 Rg4 14.Nbd2 Bf5 15.
O-O Nxg3 16.hxg3 Bd3 17.Ne1 Rd4 18.Nxd3 Rxd3 19.Ra3 Qg6 20.Qe2 Rxa3 21.
bxa3 O-O-O 22.Ne4 e6 23.Nd6+ Bxd6 24.exd6 Rxd6 25.Qe5 Kd7 26.Qxc5 b6 27.
Qb4 Qc2 28.c5 Qxc5 29.Qf4 Ke7 30.a4 Qg5 31.Qe4 Qd2 32.Qh4+ Kf8 33.Qf6 Qg5 
34.Qh8+ Ke7 35.Qc8 Qg4 36.f3 Qxa4 37.Qc7+ Rd7 38.Qc6 Qd4+ 39.Kh2 Rd5 40.g4
Qc5 41.Qa8 Qc7+ 42.f4 h5 43.Qh8 hxg4 44.Qh4+ Kd7 45.Qxg4 Qc5 46.f5 Rxf5 
47.Rxf5 Qxf5 48.Qa4 Qh5+ 49.Kg3 Qc5 50.Kh3 Qc3+ 51.g3 Qh8+ 52.Kg4 Qa8 53.
Qf4 f5+ 54.Kg5 Qd8+ 55.Kg6 Qg8+ 56.Kf6 Qf8+ 57.Kg6 Qd6 58.Qh4 Kc8 59.Qh8+ 
Qd8 60.Qe5 Kd7 61.Qd4+ Kc7 62.Qc4+ Kd7 63.Qd4+ Kc8 64.Qc4+ Kd7 65.Qd4+ Ke7
66.Qg7+ Kd6 67.Qd4+ Kc7 68.Qc4+ Kd7 69.Qd4+ Kc8 70.Qc4+ Kd7 71.Qd4+ Kc7 
72.Qc4+ 1/2-1/2

[Event "53rd World U20 ch"]
[Site "Pune IND"]
[Date "2014.10.19"]
[Round "13.33"]
[White "Kozganbay, Erkin"]
[Black "Krishna Teja, N."]
[Result "1/2-1/2"]
[WhiteElo "2328"]
[BlackElo "2049"]
[EventDate "2014.10.06"]
[PlyCount "39"]

1.Nf3 Nf6 2.g3 g6 3.b3 b6 4.Bg2 Bb7 5.Bb2 Bg7 6.c4 c5 7.O-O O-O 8.d4 cxd4 
9.Qxd4 d6 10.Qe3 Nbd7 11.Nc3 Rb8 12.Rfd1 Nc5 13.Rac1 Ng4 14.Qf4 h5 15.Rc2 
Bh6 16.Qd4 Ne6 17.Qd3 Nc5 18.Qd4 Ne6 19.Qd3 Nc5 20.Qd4 1/2-1/2

[Event "53rd World U20 ch"]
[Site "Pune IND"]
[Date "2014.10.19"]
[Round "13.34"]
[White "Abhishek, A."]
[Black "Borisenko, Viacheslav"]
[Result "1/2-1/2"]
[WhiteElo "2138"]
[BlackElo "2316"]
[EventDate "2014.10.06"]
[PlyCount "141"]

1.d4 Nc6 2.Nf3 d5 3.c4 Bg4 4.Nc3 e6 5.cxd5 exd5 6.Bf4 Bd6 7.Bg3 Nge7 8.e3 
O-O 9.Bd3 Kh8 10.Nb5 f5 11.a3 Nc8 12.Nxd6 Nxd6 13.Qb3 Bxf3 14.gxf3 Nc4 15.
Bxc4 Na5 16.Qc3 Nxc4 17.b3 f4 18.Bxf4 Nxa3 19.Qc5 Qe8 20.Be5 Nb5 21.Rg1 
Rf7 22.Qxd5 c6 23.Qc4 Rd8 24.Ke2 Qd7 25.Rg3 Qd5 26.Rag1 Rdd7 27.Qxd5 Nc3+ 
28.Kd3 Nxd5 29.h4 Kg8 30.h5 c5 31.h6 g6 32.Rc1 b6 33.Bg7 Ne7 34.e4 Rxg7 
35.hxg7 Rxd4+ 36.Kc3 a5 37.Rgg1 Kxg7 38.Rgd1 Nc6 39.Rxd4 Nxd4 40.Re1 Nxf3 
41.Re3 Nd4 42.Kc4 Kf7 43.Kd5 Ke7 44.Rg3 Ne2 45.Re3 Nd4 46.Rg3 Ne2 47.Rf3 
Nd4 48.Rh3 h5 49.e5 Nf5 50.Kc6 Ke6 51.f4 Ne7+ 52.Kxb6 Nd5+ 53.Kxc5 Nxf4 
54.Re3 h4 55.Kd4 Kf5 56.Rf3 g5 57.e6 Kxe6 58.Ke4 h3 59.Rf1 Nh5 60.Ra1 g4 
61.Rxa5 Ng3+ 62.Kf4 h2 63.Ra6+ Kd5 64.Rh6 h1=Q 65.Rxh1 Nxh1 66.Kxg4 Nf2+ 
67.Kf3 Nd3 68.Ke3 Nb4 69.Kf3 Kd4 70.Kf4 Kc5 71.Ke5 1/2-1/2

[Event "53rd World U20 ch"]
[Site "Pune IND"]
[Date "2014.10.19"]
[Round "13.35"]
[White "Mohammad, Ashraf"]
[Black "Blazeka, Matej"]
[Result "1-0"]
[WhiteElo "2132"]
[BlackElo "2311"]
[EventDate "2014.10.06"]
[PlyCount "80"]

1.d4 d5 2.c4 c6 3.Nf3 Nf6 4.e3 e6 5.b3 c5 6.Bd3 dxc4 7.bxc4 Nc6 8.Bb2 cxd4
9.exd4 Bb4+ 10.Nbd2 Qa5 11.O-O Bxd2 12.Nxd2 O-O 13.Re1 Ne7 14.d5 Ng6 15.
Ne4 Nxe4 16.Bxe4 Qb4 17.Qc1 Re8 18.Ba3 Qa5 19.d6 Rb8 20.Rb1 Qa6 21.c5 Bd7 
22.Qc3 Nf4 23.Qf3 Nd5 24.Bb2 Qa5 25.Qg3 f6 26.Bxd5 exd5 27.Re7 g6 28.h3 
Qxa2 29.Qd3 Bf5 30.Qd4 Qxb1+ 31.Kh2 Rxe7 32.dxe7 Qe4 33.Qxf6 d4 34.Bxd4 
Qf4+ 35.Kg1 Qc1+ 36.Kh2 Qf4+ 37.g3 Qh6 38.h4 Rc8 39.Be5 Rf8 40.Qd6 Re8 1-0

[Event "53rd World U20 ch"]
[Site "Pune IND"]
[Date "2014.10.19"]
[Round "13.36"]
[White "Navalgund, Niranjan"]
[Black "Gajwa, Ankit"]
[Result "1-0"]
[WhiteElo "2267"]
[BlackElo "2110"]
[EventDate "2014.10.06"]
[PlyCount "81"]

1.d4 Nf6 2.c4 g6 3.g3 Bg7 4.Bg2 O-O 5.Nc3 d6 6.Nf3 Nc6 7.O-O Bf5 8.Ne1 Qd7
9.e4 Bh3 10.Nc2 Bxg2 11.Kxg2 e5 12.d5 Ne7 13.Qe2 Kh8 14.Rb1 a5 15.Bd2 Nh5 
16.Ne3 Bh6 17.Rbd1 f5 18.exf5 Nxf5 19.Nxf5 Bxd2 20.Rxd2 Rxf5 21.Ne4 Nf6 
22.Nxf6 Rxf6 23.f3 b6 24.Qe3 Raf8 25.Rdf2 Qa4 26.b3 Qa3 27.h4 Qc5 28.Qd2 
Rf5 29.f4 exf4 30.Rxf4 Rxf4 31.Rxf4 Rxf4 32.Qxf4 Kg7 33.Qg5 Qd4 34.Qe7+ 
Kh6 35.Qf8+ Kh5 36.Qe7 Kh6 37.Kh3 Qd3 38.Qg5+ Kg7 39.Qe7+ Kh6 40.Qf8+ Kh5 
41.Qf4 1-0

[Event "53rd World U20 ch"]
[Site "Pune IND"]
[Date "2014.10.19"]
[Round "13.37"]
[White "Praneeth Surya, K."]
[Black "Sudarshan, Malga"]
[Result "1-0"]
[WhiteElo "2251"]
[BlackElo "2007"]
[EventDate "2014.10.06"]
[PlyCount "121"]

1.e4 e5 2.Nf3 Nc6 3.Bb5 a6 4.Ba4 Nf6 5.O-O Be7 6.Re1 b5 7.Bb3 d6 8.c3 O-O 
9.h3 Na5 10.Bc2 c5 11.d4 Qc7 12.Nbd2 cxd4 13.cxd4 Nc6 14.Nb3 a5 15.Be3 Nb4
16.Bb1 Bd7 17.Qd2 exd4 18.Nfxd4 d5 19.a3 a4 20.Nc1 Na6 21.exd5 Nxd5 22.
Nxb5 Qb7 23.Be4 Bxb5 24.Qxd5 Qxd5 25.Bxd5 Rad8 26.Bf3 Bf6 27.Rb1 Bc4 28.
Be2 Bxe2 29.Nxe2 Rd3 30.Rec1 h6 31.Rc4 Rb8 32.Rxa4 Nc7 33.Bf4 Rb7 34.Rb4 
Rxb4 35.axb4 Nd5 36.Bd6 Rb3 37.Nc1 Rxb2 38.Rxb2 Bxb2 39.Nd3 Bd4 40.Kf1 f6 
41.Bc5 Bxc5 42.bxc5 Kf7 43.Ke2 Ke6 44.Kf3 Nc7 45.Ke4 g5 46.g4 Nd5 47.Kd4 
Nc7 48.Ne1 Nd5 49.Ng2 Ne7 50.Ne3 Ng6 51.Nf5 Nf4 52.c6 Nxh3 53.f3 Nf4 54.
Kc5 Nd5 55.Nxh6 Ne7 56.Kb6 Ke5 57.c7 Nd5+ 58.Kb7 Nxc7 59.Kxc7 Kf4 60.Kd6 
Kxf3 61.Ke6 1-0

[Event "53rd World U20 ch"]
[Site "Pune IND"]
[Date "2014.10.19"]
[Round "13.38"]
[White "Ritviz, Parab"]
[Black "Swain, Ashirwad"]
[Result "1/2-1/2"]
[WhiteElo "2205"]
[BlackElo "1998"]
[EventDate "2014.10.06"]
[PlyCount "103"]

1.e4 g6 2.d4 Bg7 3.Nc3 c5 4.d5 d6 5.f4 e6 6.dxe6 Bxe6 7.Nb5 Bf8 8.Nf3 a6 
9.Nc3 Bg7 10.Bd3 Ne7 11.O-O c4 12.f5 cxd3 13.fxe6 O-O 14.exf7+ Rxf7 15.
Qxd3 Qb6+ 16.Be3 Qxb2 17.Nd5 Nxd5 18.Qxd5 Qb5 19.Qxf7+ Kxf7 20.Nd4+ Qxf1+ 
21.Rxf1+ Kg8 22.Rd1 Nd7 23.Nf3 Be5 24.Nxe5 Nxe5 25.Rxd6 Nc4 26.Rd3 Nxe3 
27.Rxe3 Rc8 28.c3 Rc4 29.Kf2 Kf7 30.Kf3 Ke6 31.Kf4 Ra4 32.Re2 Rc4 33.Re3 
Ra4 34.Rh3 Rxa2 35.Rxh7 Rxg2 36.h4 Rf2+ 37.Kg5 Rg2+ 38.Kf4 Rf2+ 39.Kg5 
Rg2+ 40.Kh6 Rg4 41.Rxb7 Rxh4+ 42.Kxg6 Rg4+ 43.Kh5 Rxe4 44.Rb6+ Kd5 45.Rxa6
Rc4 46.Ra3 Ke4 47.Kg5 Kd3 48.Kf5 Rxc3 49.Ra4 Rc5+ 50.Kf4 Rc4+ 51.Rxc4 Kxc4
52.Ke4 1/2-1/2

[Event "53rd World U20 ch"]
[Site "Pune IND"]
[Date "2014.10.19"]
[Round "13.39"]
[White "Sahoo, Utkal Ranjan"]
[Black "Praggnanandhaa, R."]
[Result "1-0"]
[WhiteElo "2170"]
[BlackElo "1836"]
[EventDate "2014.10.06"]
[PlyCount "71"]

1.d4 d5 2.Nf3 Nf6 3.c4 e6 4.Nc3 Be7 5.Bg5 O-O 6.e3 b6 7.Rc1 Bb7 8.Bxf6 
Bxf6 9.cxd5 exd5 10.Bd3 Nd7 11.O-O c5 12.Bf5 c4 13.e4 dxe4 14.Bxe4 Bxe4 
15.Nxe4 b5 16.a4 a6 17.b3 cxb3 18.Qxb3 bxa4 19.Qxa4 Nb6 20.Qc6 Be7 21.Rb1 
Nd5 22.Rb7 Nb4 23.Qa4 Re8 24.Rd7 Qc8 25.d5 Bf8 26.Ng3 Rd8 27.Rxd8 Qxd8 28.
Rd1 Qb6 29.Ng5 Rd8 30.Qb3 Bd6 31.Nf5 Bc5 32.d6 Rf8 33.Ne7+ Kh8 34.Nxf7+ 
Rxf7 35.Qxf7 Qd8 36.d7 1-0

[Event "53rd World U20 ch"]
[Site "Pune IND"]
[Date "2014.10.19"]
[Round "13.40"]
[White "Harsha, Bharathakoti"]
[Black "Siva, Mahadevan"]
[Result "1/2-1/2"]
[WhiteElo "2296"]
[BlackElo "2141"]
[EventDate "2014.10.06"]
[PlyCount "105"]

1.d4 d5 2.c4 c6 3.Nf3 Nf6 4.e3 e6 5.b3 Nbd7 6.Bb2 Bb4+ 7.Nbd2 Ne4 8.a3 Bd6
9.Nxe4 dxe4 10.Nd2 f5 11.Be2 O-O 12.O-O e5 13.c5 Bc7 14.Nc4 exd4 15.Qxd4 
Nf6 16.Nd6 Bxd6 17.Bc4+ Kh8 18.cxd6 b5 19.Be2 Be6 20.a4 bxa4 21.bxa4 Qd7 
22.Qc5 Rfd8 23.Be5 Bd5 24.Rab1 Ne8 25.a5 Nxd6 26.a6 Qe6 27.Qc3 Rd7 28.Bd4 
Qf7 29.Rfc1 h6 30.Rb4 Kh7 31.g3 Rad8 32.Rcb1 Nb5 33.Bxb5 cxb5 34.Rxb5 Bc4 
35.Rc5 Bxa6 36.Qa5 Bd3 37.Rxf5 Qg6 38.Re1 Rb8 39.h4 Rdb7 40.h5 Qg4 41.Rf4 
Qd7 42.Qf5+ Qxf5 43.Rxf5 a6 44.Kg2 Kg8 45.g4 Rf8 46.Kg3 Rxf5 47.gxf5 Rb1 
48.Rxb1 Bxb1 49.Bc3 Kf7 50.Kf4 Bd3 51.Bb4 Bc2 52.Bc3 Bd3 53.Ba5 1/2-1/2

[Event "53rd World U20 ch"]
[Site "Pune IND"]
[Date "2014.10.19"]
[Round "13.41"]
[White "Prasannaa, S."]
[Black "Chaithanyaa, K. G."]
[Result "1-0"]
[WhiteElo "2232"]
[BlackElo "2029"]
[EventDate "2014.10.06"]
[PlyCount "75"]

1.c4 e5 2.Nc3 Nf6 3.g3 Bb4 4.Nd5 Nxd5 5.cxd5 O-O 6.Bg2 d6 7.e3 c6 8.dxc6 
bxc6 9.Ne2 d5 10.a3 Be7 11.O-O Ba6 12.b4 Nd7 13.Bb2 Bb5 14.Re1 a5 15.Nc3 
axb4 16.axb4 Rxa1 17.Qxa1 Bxb4 18.Nxb5 cxb5 19.Bxe5 Nxe5 20.Qxe5 Bxd2 21.
Rd1 Qa5 22.Qxd5 Bc3 23.Rb1 Rb8 24.Qc5 Be1 25.Rd1 Bb4 26.Qe5 Rd8 27.Bd5 Bf8
28.Rb1 Qd2 29.Rxb5 Qd1+ 30.Kg2 Qd3 31.e4 Qa3 32.Rb7 Kh8 33.Rxf7 Qc5 34.h4 
h6 35.Qf5 Bd6 36.Rxg7 Kxg7 37.Qf7+ Kh8 38.Qf6+ 1-0

[Event "53rd World U20 ch"]
[Site "Pune IND"]
[Date "2014.10.19"]
[Round "13.42"]
[White "Rindlisbacher, Jan"]
[Black "Manush, Shah"]
[Result "0-1"]
[WhiteElo "2217"]
[BlackElo "2038"]
[EventDate "2014.10.06"]
[PlyCount "88"]

1.d4 d5 2.c4 c6 3.Nc3 Nf6 4.Nf3 e6 5.e3 Nbd7 6.Qc2 Bd6 7.g4 h6 8.h3 Qe7 9.
Bd2 b6 10.cxd5 exd5 11.O-O-O Bb7 12.Bd3 c5 13.Nh4 c4 14.Nf5 cxd3 15.Qa4 
Qf8 16.Nb5 Ne4 17.Nfxd6+ Nxd6 18.Bb4 Rc8+ 19.Kb1 Bc6 20.Rc1 Nc5 21.dxc5 
Bxb5 22.Qb3 bxc5 23.Bxc5 Bc4 24.Qa4+ Ke7 25.Qxa7+ Ke6 26.f4 f5 27.Rxc4 
dxc4 28.e4 Rxc5 29.Qxc5 fxe4 30.f5+ Kd7 31.Qa7+ Kd8 32.Qa8+ Kc7 33.Qa5+ 
Kb8 34.Rc1 Qd8 35.Qb4+ Nb7 36.Qxc4 Re8 37.Rd1 d2 38.a3 e3 39.Qe2 Qd4 40.h4
Qe4+ 41.Ka2 Qc2 42.g5 Qxd1 43.Qxd1 e2 44.Qxd2 e1=Q 0-1

[Event "53rd World U20 ch"]
[Site "Pune IND"]
[Date "2014.10.19"]
[Round "13.43"]
[White "Sammed Jaykumar, Shete"]
[Black "Muthaiah, A. L."]
[Result "0-1"]
[WhiteElo "2139"]
[BlackElo "2215"]
[EventDate "2014.10.06"]
[PlyCount "150"]

1.e4 c5 2.c3 Nf6 3.e5 Nd5 4.Nf3 d6 5.exd6 Qxd6 6.d4 cxd4 7.Nxd4 a6 8.Be2 
e5 9.Nb3 Nc6 10.O-O Be6 11.Na3 Rd8 12.Nc4 Qc7 13.Qc2 Be7 14.Ne3 Nxe3 15.
Bxe3 Nb4 16.Qb1 Nd5 17.Bd2 O-O 18.Qe1 Rfe8 19.Rd1 b5 20.c4 bxc4 21.Ba5 Nb6
22.Rc1 Bg5 23.Rc2 Rc8 24.Nd2 Qb8 25.Bxb6 Bxd2 26.Qxd2 Qxb6 27.Rfc1 Red8 
28.Qe3 Qxe3 29.fxe3 g6 30.Bxc4 Bxc4 31.Rxc4 Rxc4 32.Rxc4 Rd1+ 33.Kf2 Rd2+ 
34.Kf3 Rxb2 35.Ra4 Kg7 36.Rxa6 e4+ 37.Kg3 f5 38.h3 Re2 39.Ra3 Kh6 40.h4 
Kh5 41.Kh3 Re1 42.Kg3 h6 43.Rb3 Re2 44.a3 Rc2 45.Kh3 Re2 46.Kg3 Rc2 47.Kh3
Rc1 48.Kg3 Rd1 49.Rc3 Rb1 50.Rc5 Rb3 51.Kf4 Kxh4 52.Rc1 g5+ 53.Kxf5 Kg3 
54.Kxe4 Rxa3 55.Kf5 Rxe3 56.Rc6 g4 57.Rxh6 Re2 58.Ra6 Rxg2 59.Ra3+ Kh4 60.
Ra8 Rf2+ 61.Ke4 g3 62.Rh8+ Kg4 63.Ke3 Rf7 64.Rg8+ Kh3 65.Rh8+ Kg2 66.Rg8 
Re7+ 67.Kd2 Kf2 68.Rf8+ Kg1 69.Rg8 g2 70.Rg6 Re5 71.Kd3 Kf2 72.Rf6+ Kg3 
73.Rg6+ Kf3 74.Rg8 Rf5 75.Kd2 Kf2 0-1

[Event "53rd World U20 ch"]
[Site "Pune IND"]
[Date "2014.10.19"]
[Round "13.44"]
[White "Pranav, Shetty"]
[Black "Nazario, Marc Christian"]
[Result "1-0"]
[WhiteElo "2191"]
[BlackElo "2029"]
[EventDate "2014.10.06"]
[PlyCount "105"]

1.e4 e5 2.Nf3 Nf6 3.Nxe5 d6 4.Nf3 Nxe4 5.Nc3 Nxc3 6.dxc3 Be7 7.Be3 Nd7 8.
Qd2 Nf6 9.O-O-O O-O 10.h3 c5 11.g4 Qa5 12.a3 Be6 13.Bd3 d5 14.Bg5 Rad8 15.
Rhe1 Rfe8 16.Qf4 d4 17.c4 Qa6 18.Nd2 Qc6 19.Bxf6 Bxf6 20.g5 Be7 21.Ne4 Bc8
22.Re2 Kf8 23.Rde1 b6 24.Kb1 a6 25.h4 b5 26.h5 h6 27.Rg1 b4 28.a4 b3 29.
cxb3 Bd6 30.Qf3 Re6 31.gxh6 Rxh6 32.Rg5 f5 33.Rxf5+ Bxf5 34.Qxf5+ Kg8 35.
Nxd6 Qxd6 36.Be4 Kh8 37.Bd5 Rf8 38.Qg4 a5 39.f3 d3 40.Rd2 Qe5 41.Rxd3 Rxh5
42.Ka2 Rh2 43.Rd2 Rh1 44.f4 Qh5 45.Qg3 Qh3 46.Qf2 Rf1 47.Qh2 Qh7 48.Be4 
Qh6 49.Qg3 Qxf4 50.Rh2+ Kg8 51.Bd5+ Rf7 52.Qh3 Kf8 53.Re2 1-0

[Event "53rd World U20 ch"]
[Site "Pune IND"]
[Date "2014.10.19"]
[Round "13.45"]
[White "Gandhi, Anish"]
[Black "Sidhant, Mohapatra"]
[Result "1/2-1/2"]
[WhiteElo "2068"]
[BlackElo "2382"]
[EventDate "2014.10.06"]
[PlyCount "74"]

1.d4 d5 2.c4 c6 3.Nf3 Nf6 4.e3 g6 5.Nc3 Bg7 6.Bd3 a6 7.O-O Bg4 8.cxd5 Bxf3
9.gxf3 cxd5 10.Qb3 Ra7 11.e4 dxe4 12.fxe4 O-O 13.d5 Qd6 14.Be2 b5 15.Be3 
Rc7 16.f4 Rxc3 17.bxc3 Nxe4 18.Rac1 Nd7 19.c4 Ndc5 20.Qa3 b4 21.Qxb4 Rb8 
22.Qa5 Rb2 23.Bf3 g5 24.Rb1 gxf4 25.Rxb2 Bxb2 26.Bxc5 Nxc5 27.Kh1 Bd4 28.
Qd2 Be3 29.Qg2+ Kf8 30.Qb2 Kg8 31.Rb1 Qg6 32.Qb8+ Kg7 33.Qe5+ Kh6 34.Rf1 
Nd3 35.Qxe7 Nf2+ 36.Rxf2 Bxf2 37.Qf8+ Kg5 1/2-1/2

[Event "53rd World U20 ch"]
[Site "Pune IND"]
[Date "2014.10.19"]
[Round "13.46"]
[White "Fisher, William"]
[Black "Nitish, Belurkar"]
[Result "1-0"]
[WhiteElo "2313"]
[BlackElo "2046"]
[EventDate "2014.10.06"]
[PlyCount "81"]

1.d4 Nf6 2.c4 g6 3.Nc3 Bg7 4.e4 d6 5.Nf3 O-O 6.Be2 Na6 7.h3 e5 8.dxe5 dxe5
9.Be3 Qe8 10.O-O c6 11.b4 Qe7 12.a3 Nh5 13.Qa4 Bd7 14.Rfd1 f5 15.Bg5 Nf6 
16.Qa5 h6 17.Bxf6 Bxf6 18.c5 Be6 19.Bxa6 bxa6 20.Qxa6 fxe4 21.Nxe4 Bd5 22.
Re1 Bg7 23.Rad1 Rf4 24.Nfd2 Raf8 25.f3 g5 26.Nc3 h5 27.Nde4 g4 28.Rxd5 
cxd5 29.Nxd5 Qh4 30.g3 Rxe4 31.gxh4 Rxe1+ 32.Kf2 Ra1 33.Ne7+ Kf7 34.Qg6+ 
Kxe7 35.Qxg7+ Ke8 36.Qxe5+ Kd7 37.Qxa1 Rxf3+ 38.Kg2 Rxh3 39.Qd4+ Kc8 40.
Qh8+ Kc7 41.Qxh5 1-0

[Event "53rd World U20 ch"]
[Site "Pune IND"]
[Date "2014.10.19"]
[Round "13.47"]
[White "Patil, Pratik"]
[Black "Senthil, Maran K."]
[Result "1-0"]
[WhiteElo "2231"]
[BlackElo "2043"]
[EventDate "2014.10.06"]
[PlyCount "79"]

1.e4 c5 2.c3 Nf6 3.e5 Nd5 4.d4 cxd4 5.Nf3 Nc6 6.cxd4 d6 7.Bc4 dxe5 8.Nxe5 
e6 9.O-O Be7 10.Nxc6 bxc6 11.Qe2 O-O 12.Nc3 Bf6 13.Rd1 Qb6 14.Na4 Qa5 15.
b3 Rd8 16.Bb2 Nb6 17.Bc3 Qg5 18.Bd2 Qh4 19.g3 Qh3 20.Ba5 Bxd4 21.Bc3 Bf6 
22.Bxf6 Rxd1+ 23.Qxd1 gxf6 24.Nxb6 axb6 25.Qd8+ Kg7 26.Qxb6 Qh5 27.Qxc6 
Qa5 28.a4 Rb8 29.Qd6 Rb6 30.Qc7 Bb7 31.Bxe6 Kh6 32.Qxf7 Qe5 33.Qf8+ Kg6 
34.Qf7+ Kh6 35.Qf8+ Kg6 36.Bf7+ Kf5 37.Rc1 Rc6 38.g4+ Ke4 39.Qb4+ Kf3 40.
Qxb7 1-0

[Event "53rd World U20 ch"]
[Site "Pune IND"]
[Date "2014.10.19"]
[Round "13.48"]
[White "Megalios, Konstantinos"]
[Black "Verhelst, Joris"]
[Result "1-0"]
[WhiteElo "2196"]
[BlackElo "2042"]
[EventDate "2014.10.06"]
[PlyCount "67"]

1.e4 c5 2.Nc3 e6 3.f4 d5 4.Nf3 Nf6 5.e5 Nfd7 6.d4 Nc6 7.Be3 cxd4 8.Nxd4 a6
9.Qd2 Qc7 10.O-O-O b5 11.Bd3 Nb6 12.Kb1 Nc4 13.Bxc4 bxc4 14.Nxc6 Qxc6 15.
Ne2 Rb8 16.Ka1 Bb4 17.c3 Be7 18.Nd4 Qa4 19.g4 Rb5 20.Nxb5 axb5 21.a3 O-O 
22.Kb1 Bd7 23.Bd4 Ra8 24.Rhf1 g6 25.f5 exf5 26.gxf5 Bxf5+ 27.Rxf5 Bxa3 28.
Rff1 Bf8 29.Qf4 Qa1+ 30.Kc2 Qa4+ 31.Kd2 Bh6 32.Qxh6 Qb3 33.Rb1 Ra2 34.Kc1 
1-0

[Event "53rd World U20 ch"]
[Site "Pune IND"]
[Date "2014.10.19"]
[Round "13.49"]
[White "Iniyan, P."]
[Black "Ganesh, R."]
[Result "1-0"]
[WhiteElo "2151"]
[BlackElo "2030"]
[EventDate "2014.10.06"]
[PlyCount "251"]

1.d4 d5 2.c4 c6 3.Nf3 Nf6 4.Nc3 a6 5.a4 g6 6.Bg5 Ne4 7.Bf4 Bg7 8.e3 Qa5 9.
Qb3 e6 10.Bd3 dxc4 11.Qxc4 Nxc3 12.bxc3 O-O 13.O-O Nd7 14.Bd6 Re8 15.e4 
Bf8 16.Bf4 e5 17.Bd2 Be7 18.Qb3 Qc7 19.Bc4 Kg7 20.Bxf7 Rf8 21.Be6 Bd6 22.
Be3 c5 23.Bxd7 Bxd7 24.dxc5 Be7 25.Nxe5 Bc8 26.Rad1 Bf6 27.Nf3 Bg4 28.Nd4 
Rae8 29.f3 Bc8 30.Ne2 Be6 31.Qb6 Qxb6 32.cxb6 Bc4 33.Rfe1 Kg8 34.Bd4 Bh4 
35.g3 Bg5 36.Kg2 Bb3 37.Ra1 Bd2 38.Reb1 Bc4 39.Ng1 Bh6 40.Bc5 Rf7 41.Rb4 
Be6 42.Bd6 Rd8 43.Rd1 Bg7 44.c4 a5 45.Rb5 Bxc4 46.Rc5 Bb3 47.Rd3 Bxa4 48.
Rxa5 Bc6 49.e5 Bxe5 50.Rxe5 Rfd7 51.Kf2 Rxd6 52.Rb3 Rd1 53.Ne2 Rh1 54.h4 
Kf7 55.Ke3 Rhd1 56.Kf4 Ra1 57.Rbe3 Rd7 58.Kg5 Rb1 59.Kh6 Rxb6 60.Kxh7 Kf6+
61.Kh6 Bd5 62.Re8 Bf7 63.Rf8 Re7 64.Rxe7 Kxe7 65.Kg7 Be8 66.Nf4 Rd6 67.Rf6
Rxf6 68.Nd5+ Ke6 69.Nxf6 Bf7 70.Ne4 Ke7 71.Nc3 Be8 72.Nd5+ Kd6 73.Nf6 Bc6 
74.Kxg6 b5 75.h5 b4 76.h6 b3 77.h7 b2 78.h8=Q b1=Q+ 79.Kg5 Bxf3 80.Qf8+ 
Ke6 81.Qe8+ Kd6 82.Qd7+ Ke5 83.Qe7+ Kd4 84.Qd6+ Ke3 85.Qc5+ Ke2 86.Qc4+ 
Qd3 87.Qa4 Qe3+ 88.Kg6 Qd3+ 89.Kg7 Qf5 90.Qh4 Qe5 91.Kg6 Qe6 92.Qd4 Qe3 
93.Qb2+ Qd2 94.Qe5+ Qe3 95.Qa5 Be4+ 96.Nxe4 Qxe4+ 97.Qf5 Qe8+ 98.Kg5 Qd8+ 
99.Kh5 Qh8+ 100.Kg4 Qg8+ 101.Kh4 Qd8+ 102.Qg5 Qa8 103.Qe5+ Kd3 104.g4 Qh1+
105.Kg5 Kc4 106.Kg6 Qc6+ 107.Qf6 Qe4+ 108.Qf5 Qa8 109.Kg7 Kd4 110.g5 Qb7+ 
111.Qf7 Qb8 112.g6 Ke3 113.Kh7 Qb1 114.Kg8 Qb8+ 115.Qf8 Qe5 116.Kh7 Qc7+ 
117.Qg7 Qd8 118.Qh6+ Ke4 119.g7 Qe7 120.Kh8 Qe5 121.Qh3 Qf6 122.Kh7 Qe7 
123.Qg4+ Ke3 124.Qg3+ Kd4 125.Qf4+ Kc3 126.Kh8 1-0

[Event "53rd World U20 ch"]
[Site "Pune IND"]
[Date "2014.10.19"]
[Round "13.50"]
[White "Kumar, Gaurav"]
[Black "Dhulipalla, Bala Chandra Prasad"]
[Result "1/2-1/2"]
[WhiteElo "1945"]
[BlackElo "2118"]
[EventDate "2014.10.06"]
[PlyCount "100"]

1.e4 c5 2.Nf3 Nc6 3.d4 cxd4 4.Nxd4 e6 5.Nc3 Qc7 6.Be2 a6 7.O-O Nf6 8.Be3 
Bb4 9.Na4 Be7 10.Nxc6 bxc6 11.Nb6 Rb8 12.Nxc8 Qxc8 13.Bd4 O-O 14.e5 Nd5 
15.c4 Nf4 16.Bf3 f6 17.exf6 Bxf6 18.Bc5 Rb7 19.Bxf8 Qxf8 20.Rb1 Bxb2 21.
Qc2 Qb8 22.g3 Nh3+ 23.Kg2 Ng5 24.Bh5 h6 25.Qg6 Nh7 26.Rfd1 Nf6 27.Qf7+ Kh8
28.Bg6 Qc8 29.Rd2 Ba3 30.Rxb7 Qxb7 31.Rd3 Bc5 32.Rf3 Qb2 33.h4 a5 34.g4 
Qd4 35.g5 Qg4+ 36.Rg3 Qd4 37.Rf3 Qg4+ 38.Rg3 Qd4 39.gxf6 Qxf2+ 40.Kh1 Qf1+
41.Kh2 Qf2+ 42.Kh3 Qf1+ 43.Kg4 Qxc4+ 44.Kh5 Qe2+ 45.Rg4 Qe5+ 46.Rg5 Qe2+ 
47.Rg4 Qe5+ 48.Rg5 Qe2+ 49.Rg4 Qe5+ 50.Rg5 Qd6 1/2-1/2

[Event "53rd World U20 ch"]
[Site "Pune IND"]
[Date "2014.10.19"]
[Round "13.51"]
[White "Manigandan, S. S."]
[Black "Wagh, Suyog"]
[Result "1-0"]
[WhiteElo "2099"]
[BlackElo "2001"]
[EventDate "2014.10.06"]
[PlyCount "73"]

1.d4 d5 2.c4 c6 3.Nf3 Nf6 4.cxd5 cxd5 5.Nc3 Nc6 6.Bf4 a6 7.e3 Bg4 8.Be2 e6
9.Rc1 Bd6 10.Bxd6 Qxd6 11.Qb3 O-O 12.Na4 Rab8 13.Nc5 Bxf3 14.gxf3 e5 15.
Nxb7 Qc7 16.Bxa6 exd4 17.Qa4 Rxb7 18.Bxb7 Qxb7 19.Qxc6 Qb4+ 20.Ke2 Qxb2+ 
21.Rc2 Qa3 22.Rd1 dxe3 23.Rd3 Qb4 24.fxe3 Qh4 25.Qd6 Re8 26.Rb3 Qg5 27.Qg3
Qf5 28.Rd2 Nh5 29.Qg4 Qe5 30.Kf1 g6 31.Kg2 Nf6 32.Qf4 Qe6 33.Rb8 Nh5 34.
Rxe8+ Qxe8 35.Qd4 Qe6 36.Qxd5 Qxe3 37.Qd8+ 1-0